00472nam a22001217a 4500010001300000020002700013037002000040100001800060245010400078260003600182270010500218300002700323 aEN230921 a9788178246390c1095.00 bPermanent Black aMuzaffar Alam aThe Mughals and the sufis :bIslam and political imagination in india 1500-1750 /cby Muzaffar Alam aRanikhetbPermanent Blackc2021 a'Himalaya', Mall Road, Ranikhet Cantt, Ranikhet,bRanikhetcUttaranchale263645mperblack@gmail.com axiii, 454p.c22cm.(Hb)